Statistics for Capitals of Asia Quiz

Click here to take the quiz!

General Stats

  • This quiz has been taken 75 times
    (65 since last reset)
  • The average score is 35 of 49

Answer Stats

HintAnswer% Correct
JapanTokyo
96%
JordanAmman
92%
AfghanistanKabul
92%
ChinaBeijing
88%
KuwaitKuwait city
88%
Philippines Manila
88%
RussiaMoscow
88%
North KoreaPyongyang
88%
South KoreaSeoul
88%
ThailandBangkok
84%
LebanonBeirut
84%
PalestineJerusalem
84%
IsraelJerusalem
84%
MalaysiaKuala Lumpur
84%
SingaporeSingapore
84%
MongoliaUlaanbaatar
84%
UAEAbu Dhabi
80%
TurkeyAnkara
80%
VietnamHanoi
80%
PakistanIslamabad
80%
IndonesiaJakarta
80%
IndiaNew Delhi
80%
TaiwanTaipei
80%
QatarDoha
76%
MaldivesMale
76%
IranTehran
76%
BangladeshDhaka
72%
Saudi ArabiaRiyadh
72%
Timor-LesteDili
68%
NepalKathmandu
68%
OmanMuscat
68%
KazakhstanNur-Sultan
68%
SyriaDamascus
64%
GeorgiaTbilisi
64%
LaosVientiane
64%
AzerbaijanBaku
60%
KyrgyzstanBishkek
60%
CambodiaPhnom penh
60%
YemenSana'a
60%
CyprusNicosia
56%
ArmeniaYerevan
56%
Sri LankaSri Jayawardenepura Kotte
48%
TurkmenistanAshgabat
44%
BahrainManama
44%
UzbekistanTashkent
44%
BhutanThimphu
44%
BruneiBandar Seri Begawan
40%
TajikistanDushanbe
36%
MyanmarNaypidaw
24%

Score Distribution

Percentile by Number Answered

Percent of People with Each Score

Your Score History

You have not taken this quiz since the last reset